Variety's 100 Best Horror Movies - Statistics

General Stats
  • This quiz has been taken 168 times
  • The average score is 35 of 100
Answer Stats
Ranking Year Leading Actor Answer % Correct
16 1978 Jaime Lee Curtis Halloween
88%
3 1960 Anthony Perkins Psycho
87%
18 1980 Jack Nicholson The Shining
85%
11 1979 Sigourney Weaver Alien
83%
13 1991 Jodie Foster The Silence of the Lambs
83%
2 1973 Linda Blair The Exorcist
82%
74 1984 Heather Langenkamp A Nightmare on Elm Street
79%
25 1996 Neve Campbell Scream
78%
8 1931 Colin Clive Frankenstein
77%
33 1931 Peter Lorre M
76%
89 1958 Christopher Lee The Horror of Dracula
76%
27 1931 Bela Lugosi Dracula
75%
1 1974 Marilyn Burns The Texas Chain Saw Massacre
73%
5 1968 Mia Farrow Rosemary's Baby
72%
46 1982 Kurt Russell The Thing
72%
20 2017 Daniel Kaluuya Get Out
68%
14 1922 Max Schreck Nosferatu: A Symphony of Horror
66%
36 2018 Toni Collette Hereditary
65%
4 1975 Richard Dreyfuss Jaws
64%
42 2002 Cillian Murphy 28 Days Later
61%
10 1976 Sissy Spacek Carrie
60%
48 1963 Tippi Hedren The Birds
59%
68 1999 Bruce Willis The Sixth Sense
59%
56 1986 Jeff Goldblum The Fly
57%
6 1968 Duane Jones Night of the Living Dead
55%
24 1999 Heather Donahue The Blair Witch Project
54%
49 2015 Anya Taylor-Joy The Witch
54%
79 1973 Gregory Peck The Omen
52%
23 1978 Ken Foree Dawn of the Dead
49%
34 1987 Bruce Campbell Evil Dead 2: Dead by Dawn
47%
12 1933 Fay Wray King Kong
45%
40 1935 Boris Karloff Bride of Frankenstein
44%
19 1932 Boris Karloff The Mummy
42%
61 1992 Tony Todd Candyman
40%
96 1978 Donald Sutherland Invasion of the Body Snatchers
40%
35 1956 Kevin McCarthy Invasion of the Body Snatchers
40%
99 1977 Jessica Harper Suspiria
40%
81 1941 Lon Cheney The Wolf Man
36%
59 1962 Bette Davis Whatever Happened to Baby Jane?
36%
31 1998 Nanako Matsushima Ringu
33%
15 1973 Julie Christie Don't Look Now
32%
47 1954 Akira Takarada Godzilla
32%
77 1958 Steve McQueen The Blob
32%
45 1933 Claude Rains The Invisible Man
32%
29 1925 Lon Chaney The Phantom of the Opera
31%
28 1973 Edward Woodward The Wicker Man
30%
62 1984 Zach Galligan Gremlins
28%
7 1999 Eihi Shiina Audition
27%
80 1953 Vincent Price House of Wax
27%
32 1955 Robert Mitchum The Night of the Hunter
27%
55 1920 Werner Krauss The Cabinet of Dr. Caligari
26%
82 2000 Harrison Ford What Lies Beneath
26%
44 1986 Brian Cox Manhunter
25%
66 2014 Essie Davis The Babadook
25%
53 1977 Jack Nance Eraserhead
24%
100 1965 Catherine Denueve Repulsion
23%
97 1963 Richard Johnson The Haunting
23%
75 2005 Shauna Macdonald The Descent
22%
72 1954 Julie Adams Creature from the Black Lagoon
21%
26 1961 Deborah Kerr The Innocents
21%
38 1932 Olga Baclanova Freaks
20%
67 1981 Isabelle Adjani Possession
20%
85 1985 Jeffrey Combs Re-Animator
20%
93 1942 Simone Simon Cat People
19%
94 1997 Laurence Fishburn Event Horizon
19%
51 2002 Monica Bellucci Irreversible
19%
41 1971 Oliver Reed The Devils
19%
84 1984 Jeremy Irons Dead Ringers
18%
57 1960 Carl Boehm Peeping Tom
18%
64 2007 Rose McGowan Planet Terror
18%
30 1960 Pierre Brasseur Eyes Without a Face
17%
54 2008 Lina Leandersson Let the Right One In
17%
50 1964 Nobuko Otowa Onibaba
17%
21 1960 Barbara Steele Black Sunday
16%
63 1931 Fredric March Doctor Jekyll and Mr. Hyde
16%
37 1975 David Hemmings Deep Red
15%
17 1955 Véra Clouzot Diabolique
15%
9 1975 Paolo Bonacelli Salò, or the 120 Days of Sodom
14%
22 1962 Candace Hilligoss Carnival of Souls
13%
71 2007 Heather Matarazzo Hostel: Part II
13%
39 1964 Rentarô Mikuni Kwaidan
13%
58 2016 Garance Marillier Raw
13%
91 1945 Mervyn Johns Dead of Night
10%
87 1988 Gene Bervoets The Vanishing
10%
95 1991 Timothy Balme Dead Alive/Braindead
9%
60 1997 Susanne Lothar Funny Games
9%
70 2016 Kwak Do-won The Wailing
9%
43 1932 Julian West Vampyr
9%
86 1960 George Sanders Village of the Damned
9%
52 1964 Cameron Mitchell Blood and Black Lace
8%
98 2001 Fernando Tielve The Devil's Backbone
8%
73 1974 Udo Kier Blood for Dracula
7%
69 1987 Adrian Pasdar Near Dark
7%
83 1960 Jonathan Haze The Little Shop of Horrors
7%
78 1983 Erwin Leder Angst
6%
88 1963 Mal Arnold Blood Feast
6%
76 1943 Frances Dee I Walked with a Zombie
6%
92 2011 Laurence R. Harvey The Human Centipede 2
6%
90 1921 Masao Inoue A Page of Madness
5%
65 1957 Grant Williams The Incredible Shrinking Man
5%
No matching quizzes found
Score Distribution
Percent of People with Each Score
Percentile by Number Answered
Your Score History
You have not taken this quiz